La conquête de la civilisation /

محفوظ في:

المؤلف الرئيسي: Breasted, James Henry, 1865-1935 (مؤلف)

مؤلفون آخرون: Ware, Edith W.

التنسيق: كتاب

اللغة: French

منشور في: Paris : Payot, 1945.

سلاسل: Bibliothèque Historique.

الموضوعات:

الوسوم: إضافة وسم

لا توجد وسوم, كن أول من يضع وسما على هذه التسجيلة!

رقم الطلب: D59 .B785 1945

LEADER 00712namaa2200229 4500
001 21093
003 OSt
005 20251120114457.0
008 130303s1945 fr ab 000 0 fre d
040 |c ARCE Library 
050 4 |a D59 .B785 1945 
100 1 |a Breasted, James Henry,  |d 1865-1935,  |e author 
245 1 3 |a La conquête de la civilisation /  |c James Henry Breasted ; édité par Edith Williams Ware. 
264 1 |a Paris :  |b Payot,  |c 1945. 
300 |a 564 pages :   |b illustrations, maps ;   |c 23 cm. 
490 0 |a Bibliothèque Historique. 
650 0 |a History, Ancient. 
650 0 |a Civilization  |x History. 
700 1 |a Ware, Edith W.,   |q (Edith Williams) 
901 |a reviewed 
942 |c BK  |2 lcc 
999 |c 18407  |d 18407